000 00411nam a2200181Ia 4500
001 10855
005 20260306161903.0
008 260306t1968||||xx |||||||||||||| ||spa||
041 _aESP
082 _a978
_bA97
100 _aAzcárate, Pablo de
_eAUT
245 0 _aLa guerra del 98
260 _c1968
300 _a219 páginas :
_c18 cm.
650 _aGEN
654 _aCHU
942 _cLIB
_dJUS
_fJUS
_2ddc
_n
999 _c10855
_d10855